[Event "Niedersachsen-ch B"]
[Site "Verden"]
[Date "2010.01.05"]
[Round "5.43"]
[White "Moeller, Christian"]
[Black "Pfeifer, Frank"]
[Result "1-0"]
[WhiteElo "1813"]
[BlackElo "1739"]
[PlyCount "57"]
[EventDate "2010.01.??"]
[EventType "swiss"]
[EventRounds "7"]
[EventCountry "GER"]
[SourceDate "2005.10.24"]

1. e4 Nf6 2. e5 Nd5 3. Nf3 d6 4. Bc4 Nb6 5. Bb3 Bg4 6. Bxf7+ Kd7 7. h3 Bf5 8.
Nd4 g6 9. Qf3 Kc8 10. e6 c5 11. Nxf5 gxf5 12. Qc3 Bh6 13. b4 Nd5 14. Qd3 Nxb4
15. Qxf5 N8c6 16. Bb2 Nd4 17. Bxd4 cxd4 18. a3 Nc6 19. O-O Kc7 20. a4 Rc8 21.
a5 Ne5 22. a6 b6 23. Qe4 Nc6 24. Na3 Bxd2 25. Nb5+ Kb8 26. Nxd4 Qc7 27. Nb5 Qd8
28. Rfd1 Bb4 29. Nd4 1-0

[Event "Niedersachsen-ch B"]
[Site "Verden"]
[Date "2010.01.05"]
[Round "5.44"]
[White "Kuenitz, Bernhard"]
[Black "Oehne, Timo"]
[Result "1/2-1/2"]
[WhiteElo "1920"]
[BlackElo "1644"]
[PlyCount "86"]
[EventDate "2010.01.??"]
[EventType "swiss"]
[EventRounds "7"]
[EventCountry "GER"]
[SourceDate "2005.10.24"]

1. c4 Nf6 2. Nc3 g6 3. g3 Bg7 4. Bg2 d6 5. d4 O-O 6. e4 Nbd7 7. Nf3 e5 8. dxe5
Nxe5 9. Nxe5 dxe5 10. Qxd8 Rxd8 11. Nd5 c6 12. Ne7+ Kf8 13. Nxc8 Raxc8 14. Be3
b6 15. f3 Ne8 16. Bf1 Nc7 17. a4 Ne6 18. Bh3 Ke7 19. a5 c5 20. axb6 axb6 21.
Ke2 Ra8 22. Bxe6 Kxe6 23. Rxa8 Rxa8 24. Kd2 f5 25. Kc2 Ra2 26. Rd1 f4 27. Bf2
Bf6 28. Be1 g5 29. Kb3 Ra7 30. Bc3 Rd7 31. Rd5 Ra7 32. Rd1 Rd7 33. Rxd7 Kxd7
34. gxf4 gxf4 35. Ka4 Kc6 36. b4 h5 37. h3 Bg7 38. Be1 Bf6 39. Kb3 Be7 40. Bc3
Bf6 41. Kc2 Kd6 42. Kd3 Kc6 43. bxc5 bxc5 1/2-1/2

[Event "Niedersachsen-ch B"]
[Site "Verden"]
[Date "2010.01.05"]
[Round "5.45"]
[White "Duessler, Stefanie"]
[Black "Knobel, Hannah Bettina"]
[Result "1-0"]
[WhiteElo "1784"]
[BlackElo "1482"]
[PlyCount "51"]
[EventDate "2010.01.??"]
[EventType "swiss"]
[EventRounds "7"]
[EventCountry "GER"]
[SourceDate "2005.10.24"]

1. e4 e5 2. Nf3 Nc6 3. Bb5 Bc5 4. O-O Nge7 5. c3 a6 6. Ba4 b5 7. Bc2 O-O 8. d4
exd4 9. cxd4 Bb4 10. Bg5 Re8 11. a3 Ba5 12. d5 Nb8 13. e5 d6 14. Qd3 g6 15. b4
Bb6 16. Re1 dxe5 17. Rxe5 Qd6 18. Nc3 Bf5 19. Ne4 Bxe4 20. Qxe4 Kf8 21. Re1 Qd7
22. Rxe7 Rxe7 23. Bxe7+ Kg8 24. Bf6 Qd6 25. Qe8+ Qf8 26. Ng5 1-0

[Event "Niedersachsen-ch B"]
[Site "Verden"]
[Date "2010.01.05"]
[Round "5.46"]
[White "Celik, Abdullah"]
[Black "Wernke Schmiesing, Sebastian"]
[Result "1/2-1/2"]
[WhiteElo "1793"]
[BlackElo "1475"]
[PlyCount "58"]
[EventDate "2010.01.??"]
[EventType "swiss"]
[EventRounds "7"]
[EventCountry "GER"]
[SourceDate "2005.10.24"]

1. d4 Nf6 2. c4 e5 3. dxe5 Ng4 4. Nf3 Bc5 5. e3 Nc6 6. a3 a6 7. b4 Ba7 8. Bb2
f6 9. exf6 Nxf6 10. Nc3 Ne7 11. Bd3 d5 12. cxd5 Nexd5 13. Nxd5 Nxd5 14. Qb3 c6
15. O-O-O Qe7 16. Bc4 Be6 17. Nd4 Bxd4 18. Rxd4 O-O-O 19. Re4 Qf7 20. Re5 b5
21. Bxd5 Bxd5 22. Qc2 Bc4 23. Qe4 Rd6 24. f4 Bd3 25. Re7 Qb3 26. Re8+ Rxe8 27.
Qxe8+ Kc7 28. Qe7+ Kc8 29. Qe8+ Kc7 1/2-1/2

[Event "Niedersachsen-ch B"]
[Site "Verden"]
[Date "2010.01.05"]
[Round "5.47"]
[White "Hartogh, Theo"]
[Black "Kaphle, Narendra"]
[Result "1-0"]
[WhiteElo "1833"]
[BlackElo "1466"]
[PlyCount "43"]
[EventDate "2010.01.??"]
[EventType "swiss"]
[EventRounds "7"]
[EventCountry "GER"]
[SourceDate "2005.10.24"]

1. c4 Nf6 2. g3 e5 3. Bg2 d6 4. Nc3 Be7 5. e3 Nc6 6. Nge2 Be6 7. b3 Rb8 8. O-O
Bf5 9. d3 Nb4 10. e4 Bg4 11. h3 Bh5 12. g4 Bg6 13. f4 h5 14. a3 Nc6 15. f5 Bh7
16. g5 Nd7 17. h4 a6 18. Be3 b5 19. Ng3 g6 20. f6 Nxf6 21. gxf6 Bxf6 22. Qf3
1-0

[Event "Niedersachsen-ch B"]
[Site "Verden"]
[Date "2010.01.05"]
[Round "5.48"]
[White "Bischoff, Norbert"]
[Black "Weczerek, Dieter"]
[Result "0-1"]
[WhiteElo "1741"]
[BlackElo "1786"]
[PlyCount "32"]
[EventDate "2010.01.??"]
[EventType "swiss"]
[EventRounds "7"]
[EventCountry "GER"]
[SourceDate "2005.10.24"]

1. d4 Nf6 2. c4 e5 3. dxe5 Ng4 4. e4 Nxe5 5. f4 Ng6 6. Be3 Bb4+ 7. Nc3 Nc6 8.
Nf3 d6 9. Qd2 Bg4 10. Be2 Qe7 11. f5 Nge5 12. O-O Nxf3+ 13. Bxf3 Bxf3 14. gxf3
Ne5 15. Qd4 Bc5 16. Qd2 Nxc4 0-1

[Event "Niedersachsen-ch B"]
[Site "Verden"]
[Date "2010.01.05"]
[Round "5.49"]
[White "Klosa, Kevin"]
[Black "Kessens, Felix Magnus"]
[Result "0-1"]
[WhiteElo "1416"]
[BlackElo "1782"]
[PlyCount "96"]
[EventDate "2010.01.??"]
[EventType "swiss"]
[EventRounds "7"]
[EventCountry "GER"]
[SourceDate "2005.10.24"]

1. e4 e6 2. d4 d5 3. exd5 exd5 4. Bd3 Nf6 5. Bf4 Bd6 6. Bxd6 Qxd6 7. Nf3 Qb4+
8. Nbd2 Qxb2 9. Qe2+ Kf8 10. O-O Qa3 11. Qe5 Qe7 12. Rfe1 Qxe5 13. Rxe5 Nc6 14.
Re2 h6 15. Bb5 Ne7 16. Rae1 Be6 17. Nb3 a6 18. Bd3 b6 19. Kf1 Nc6 20. c3 g6 21.
Bxg6 {(=)} Kg7 22. Bd3 Nh5 23. Ne5 Nf4 24. Nxc6 Nxd3 25. Rd1 Bd7 26. Ne5 Nxe5
27. Rxe5 Bb5+ 28. Kg1 Rhe8 29. Rde1 Rxe5 30. Rxe5 Bc4 31. f3 a5 32. Nc1 b5 33.
a3 Rc8 34. Kf2 c5 35. Ke3 cxd4+ 36. Kxd4 Bf1 37. Na2 Rc4+ 38. Kxd5 Ra4 39. Kc6
Rxa3 40. Re1 Bc4 41. Nc1 Rxc3 42. Kb6 a4 43. Ka5 Rc2 44. Rg1 a3 45. Kb4 a2 46.
Nxa2 Rxa2 47. h3 Rf2 48. Kc3 Rf1 0-1

[Event "Niedersachsen-ch B"]
[Site "Verden"]
[Date "2010.01.05"]
[Round "5.50"]
[White "Sturm, Timo"]
[Black "Kollars, Dmitrij"]
[Result "1-0"]
[WhiteElo "1865"]
[BlackElo "1450"]
[PlyCount "69"]
[EventDate "2010.01.??"]
[EventType "swiss"]
[EventRounds "7"]
[EventCountry "GER"]
[SourceDate "2005.10.24"]

1. e4 c5 2. Nf3 d6 3. c3 Nf6 4. Bd3 Nc6 5. h3 e6 6. Bc2 d5 7. e5 Nd7 8. d4 Qb6
9. O-O Be7 10. Re1 Nf8 11. b3 cxd4 12. cxd4 Bd7 13. Bb2 O-O-O 14. a4 h6 15. Bc3
Bb4 16. Qd2 Qa5 17. Rc1 Kb8 18. Bd3 Bxc3 19. Rxc3 Qb4 20. Bf1 Qe7 21. Na3 a6
22. Nc2 Ka7 23. Rb1 Nb4 24. Rc5 Nxc2 25. Qxc2 Qe8 26. Rc1 Bc6 27. Bxa6 Kxa6 28.
Qc3 Ka7 29. Qa5+ Kb8 30. Rxc6 bxc6 31. Qb6+ Kc8 32. Rxc6+ Qxc6 33. Qxc6+ Kb8
34. Qb6+ Ka8 35. Qxd8+ 1-0

[Event "Niedersachsen-ch B"]
[Site "Verden"]
[Date "2010.01.05"]
[Round "5.51"]
[White "Munk, Leonhard"]
[Black "Tautz, Felix"]
[Result "1-0"]
[WhiteElo "1751"]
[BlackElo "1269"]
[PlyCount "107"]
[EventDate "2010.01.??"]
[EventType "swiss"]
[EventRounds "7"]
[EventCountry "GER"]
[SourceDate "2005.10.24"]

1. d4 d5 2. c4 e6 3. Nf3 Nf6 4. Nc3 Nbd7 5. Bg5 Be7 6. e3 h6 7. Bh4 O-O 8. Qc2
c5 9. cxd5 exd5 10. dxc5 Nxc5 11. Be2 Be6 12. O-O Qd6 13. Bg3 Qb6 14. Nd4 Rac8
15. f3 Bd7 16. Qd2 Na4 17. Nxa4 Bxa4 18. a3 Bc5 19. Rac1 a6 20. b4 Bxd4 21.
Qxd4 Qe6 22. Be5 Nh5 23. f4 Rxc1 24. Rxc1 Nf6 25. Bxf6 gxf6 26. h3 Re8 27. Rc3
Kg7 28. Bg4 Qd6 29. Bf3 Bc6 30. Bd1 Re4 31. Qc5 Qxc5 32. bxc5 Kf8 33. Bf3 Rc4
34. Rxc4 dxc4 35. Bxc6 bxc6 36. Kf2 Ke7 37. f5 Kf8 38. Ke2 h5 39. h4 Ke7 40.
Kd2 Kd7 41. Kc3 Kc7 42. Kxc4 a5 43. a4 Kd7 44. Kd4 Ke7 45. Ke4 Kf8 46. Kf4 Kg8
47. e4 Kf8 48. g4 hxg4 49. Kxg4 Kg8 50. Kf4 Kh7 51. e5 Kg7 52. e6 fxe6 53. fxe6
Kg6 54. h5+ 1-0

[Event "Niedersachsen-ch B"]
[Site "Verden"]
[Date "2010.01.05"]
[Round "5.52"]
[White "Sieber, Fiona"]
[Black "Zotin, Vladimir"]
[Result "0-1"]
[WhiteElo "1285"]
[BlackElo "2015"]
[PlyCount "82"]
[EventDate "2010.01.??"]
[EventType "swiss"]
[EventRounds "7"]
[EventCountry "GER"]
[SourceDate "2005.10.24"]

1. c4 Nf6 2. Nc3 b6 3. Nf3 Bb7 4. g3 Nc6 5. d4 d5 6. cxd5 Nxd5 7. Bg2 e6 8. O-O
Be7 9. e4 Nxc3 10. bxc3 O-O 11. Be3 Na5 12. Nd2 Rc8 13. c4 c5 14. d5 Bf6 15.
Rb1 Bd4 16. Re1 Qf6 17. Qc2 Ba6 18. a4 Bc3 19. Rbc1 Bxd2 20. Bxd2 Nxc4 21. Bf1
Nxd2 22. Qxd2 Bxf1 23. Kxf1 exd5 24. Qxd5 Qf3 25. Rcd1 c4 26. Qd4 Rc5 27. h4 h6
28. Re3 Qg4 29. Rc3 Re8 30. Rxc4 Rxc4 31. Qxc4 Qxd1+ 32. Kg2 Qe1 33. f3 Rd8 34.
Kh3 h5 35. g4 Qh1+ 36. Kg3 Qg1+ 37. Kh3 hxg4+ 38. fxg4 Qe3+ 39. Kg2 Rd2+ 40.
Qe2 Rxe2+ 41. Kh1 Qc1# 0-1

[Event "Niedersachsen-ch B"]
[Site "Verden"]
[Date "2010.01.05"]
[Round "5.53"]
[White "Langenfeld, Stefan"]
[Black "Finke, Maurice"]
[Result "1-0"]
[WhiteElo "1958"]
[BlackElo "1411"]
[PlyCount "85"]
[EventDate "2010.01.??"]
[EventType "swiss"]
[EventRounds "7"]
[EventCountry "GER"]
[SourceDate "2005.10.24"]

1. e4 c5 2. Nf3 e6 3. d4 cxd4 4. Nxd4 Nc6 5. Nc3 Qc7 6. Ndb5 Qd8 7. a4 a6 8.
Na3 Nf6 9. Bd3 Bb4 10. Be3 d5 11. exd5 exd5 12. Bd2 O-O 13. O-O h6 14. Ne2 Bd6
15. Ng3 Be6 16. Qc1 Ne5 17. Bf5 Qc8 18. Bxe6 Qxe6 19. f3 Ng6 20. Re1 Qd7 21. c3
Qc7 22. Nf1 h5 23. Be3 h4 24. Qd2 Rad8 25. Nc2 Nh5 26. a5 Nhf4 27. Bb6 Bc5+ 28.
Bxc5 Qxc5+ 29. Nd4 h3 30. Ne3 Nh4 31. g3 Qxd4 32. Qxd4 Nxf3+ 33. Kf2 Nxd4 34.
gxf4 Nc6 {(=)} 35. Red1 d4 36. cxd4 Nxd4 37. Ra3 Nb5 38. Rad3 Rb8 39. Nd5 Rfe8
40. Rxh3 Na7 41. Rg1 Re6 42. f5 Rd6 43. f6 1-0

[Event "Niedersachsen-ch B"]
[Site "Verden"]
[Date "2010.01.05"]
[Round "5.54"]
[White "Aden, Dagmar"]
[Black "Schreiber, Justina"]
[Result "1/2-1/2"]
[WhiteElo "1810"]
[BlackElo "1404"]
[PlyCount "94"]
[EventDate "2010.01.??"]
[EventType "swiss"]
[EventRounds "7"]
[EventCountry "GER"]
[SourceDate "2005.10.24"]

1. e4 e6 2. b3 d5 3. exd5 exd5 4. Bb2 Nf6 5. Nf3 Bf5 6. Be2 c6 7. O-O Nbd7 8.
Re1 Be7 9. d4 O-O 10. Ne5 Bd6 11. Nd2 Re8 12. Ndf3 Ng4 13. Nxg4 Bxg4 14. Ne5
Bxe2 15. Rxe2 f6 16. Nf3 Rxe2 17. Qxe2 Nf8 18. Re1 Kf7 19. Nh4 g6 20. Qd2 Qc7
21. g3 Re8 22. Rxe8 Kxe8 23. c4 Qd8 24. cxd5 cxd5 25. Qe2+ Be7 26. Ng2 a6 27.
Nf4 Qa5 28. Bc1 Nd7 29. Bd2 Qb5 30. Qxb5 axb5 31. Nxd5 Bd6 32. Bf4 Bxf4 33.
Nxf4 Nb6 34. Kf1 Ke7 35. Ke2 Kd6 36. Kd3 Nd5 37. Nxd5 Kxd5 38. f4 f5 39. h4 h6
40. a3 b6 41. a4 b4 42. Ke3 Kd6 43. Ke2 Ke6 44. Kd2 Kd6 45. h5 gxh5 46. Ke3 Ke6
47. Kd2 Kd6 1/2-1/2

[Event "Niedersachsen-ch B"]
[Site "Verden"]
[Date "2010.01.05"]
[Round "5.55"]
[White "Boehm, Jana"]
[Black "Franke, Klaus"]
[Result "0-1"]
[WhiteElo "1445"]
[BlackElo "1946"]
[PlyCount "80"]
[EventDate "2010.01.??"]
[EventType "swiss"]
[EventRounds "7"]
[EventCountry "GER"]
[SourceDate "2005.10.24"]

1. e4 c6 2. d4 d5 3. exd5 cxd5 4. c3 Nf6 5. Nf3 Nc6 6. Bd3 Bg4 7. Bf4 e6 8.
Nbd2 Bd6 9. Bg5 Qc7 10. Bxf6 gxf6 11. Qc2 O-O-O 12. O-O-O Kb8 13. Rde1 Rc8 14.
Kb1 Bh5 15. h3 Bg6 16. Bxg6 hxg6 17. Qd3 Na5 18. g4 Qb6 19. Ka1 Qc6 20. g5 f5
21. Ne5 Bxe5 22. dxe5 Rh4 23. Ref1 Qa4 24. b3 Qa3 25. f4 Rc6 26. Rf3 Ra6 27.
Qc2 Nc6 28. Qb2 Qa5 29. Rc1 b5 30. c4 Nb4 31. a3 Qxa3+ 32. Qxa3 Rxa3+ 33. Kb2
Ra2+ 34. Kc3 a5 35. cxb5 d4+ 36. Kxd4 Rxd2+ 37. Kc4 Rh8 38. Kc3 Rd5 39. Ra1
Rc8+ 40. Kb2 Rxb5 0-1

[Event "Niedersachsen-ch B"]
[Site "Verden"]
[Date "2010.01.05"]
[Round "5.56"]
[White "Schwenteck, Peter"]
[Black "Marach, Jonas"]
[Result "1/2-1/2"]
[WhiteElo "1759"]
[BlackElo "1400"]
[PlyCount "76"]
[EventDate "2010.01.??"]
[EventType "swiss"]
[EventRounds "7"]
[EventCountry "GER"]
[SourceDate "2005.10.24"]

1. d4 d5 2. Nf3 Nf6 3. e3 a6 4. Bd3 Bg4 5. Nbd2 e6 6. c4 c5 7. Qb3 Qc7 8. Ne5
Bd6 9. f4 Nc6 10. cxd5 Nxd5 11. Nxg4 cxd4 12. Ne4 Bb4+ 13. Bd2 f5 14. Bxb4
Ncxb4 15. O-O O-O 16. Ng5 Qb6 17. e4 Nxd3 18. Qxd3 Nb4 19. Qb3 fxg4 20. a3 Nd5
21. Qxb6 Nxb6 22. Nxe6 Rf6 23. Nxd4 Raf8 24. g3 Nc4 25. e5 R6f7 26. Rf2 Nxe5
27. Ne6 Nd3 28. Rd2 Re8 29. Ng5 Rf5 30. Rad1 (30. Rxd3 h6 31. h4 hxg5 32. hxg5
{sieht doch gut aus.}) 30... h6 31. Rxd3 hxg5 32. fxg5 Rxg5 33. Rd7 b5 34. R7d6
Re2 35. R1d2 Rge5 36. Kf1 Re1+ 37. Kf2 Rh1 38. Kg2 Ree1 1/2-1/2

[Event "Niedersachsen-ch B"]
[Site "Verden"]
[Date "2010.01.05"]
[Round "5.57"]
[White "Koch, Yannick"]
[Black "Fischer, Manfred3 (1934)"]
[Result "0-1"]
[WhiteElo "1176"]
[BlackElo "1946"]
[PlyCount "88"]
[EventDate "2010.01.??"]
[EventType "swiss"]
[EventRounds "7"]
[EventCountry "GER"]
[SourceDate "2005.10.24"]

1. d4 Nf6 2. Nf3 d5 3. c4 e6 4. Nc3 g6 5. Bg5 Be7 6. cxd5 exd5 7. e3 Nbd7 8. h3
h6 9. Bf4 O-O 10. Bd3 c5 11. dxc5 Nxc5 12. O-O a6 13. Nd4 Ne6 14. Nxe6 Bxe6 15.
Ne2 Qd7 16. Nd4 Rac8 17. Nxe6 fxe6 18. Qd2 Rc6 19. Be5 Rfc8 20. Rfc1 Ne8 21.
Rxc6 Qxc6 22. Qc3 Bf6 23. Bxf6 Nxf6 24. Qxc6 Rxc6 25. Kf1 Kf7 26. Ke1 e5 27.
Kd2 g5 28. Bf5 Ke7 29. Rc1 Kd6 30. Rxc6+ bxc6 31. b4 c5 32. bxc5+ Kxc5 33. Kc3
d4+ 34. exd4+ exd4+ 35. Kd3 Nd5 36. g3 Nb4+ 37. Kd2 Nxa2 38. f4 gxf4 39. gxf4
a5 40. Be6 Nc3 41. f5 a4 42. Kc2 Kd6 43. Kd3 Ke5 44. Bc4 Ne4 0-1

[Event "Niedersachsen-ch B"]
[Site "Verden"]
[Date "2010.01.05"]
[Round "5.58"]
[White "Kramer, Norbert"]
[Black "Menze, Gerold"]
[Result "1-0"]
[WhiteElo "1801"]
[BlackElo "1400"]
[PlyCount "47"]
[EventDate "2010.01.??"]
[EventType "swiss"]
[EventRounds "7"]
[EventCountry "GER"]
[SourceDate "2005.10.24"]

1. e4 e5 2. Nf3 d5 3. exd5 Qxd5 4. Nc3 Qe6 5. Bb5+ Bd7 6. O-O Bd6 7. d4 c6 8.
Ba4 Nf6 9. dxe5 Bb4 10. exf6 Qxf6 11. Re1+ Be6 12. Nd5 Qd8 13. Nxb4 Qa5 14. c3
O-O 15. Bb3 Rd8 16. Qc2 c5 17. Bxe6 cxb4 18. cxb4 Qxb4 19. Bb3 Nc6 20. Qc4 Rd4
21. Qxf7+ Kh8 22. Re8+ Rxe8 23. Qxe8+ Qf8 24. Qxf8# 1-0

[Event "Niedersachsen-ch B"]
[Site "Verden"]
[Date "2010.01.05"]
[Round "5.59"]
[White "Hentrop, Malte"]
[Black "Weis, Hans Juergen"]
[Result "1-0"]
[WhiteElo "1665"]
[BlackElo "1371"]
[PlyCount "119"]
[EventDate "2010.01.??"]
[EventType "swiss"]
[EventRounds "7"]
[EventCountry "GER"]
[SourceDate "2005.10.24"]

1. e4 e5 2. Nf3 Nc6 3. Bb5 d6 4. d4 exd4 5. Nxd4 Bd7 6. O-O Nxd4 7. Bxd7+ Qxd7
8. Qxd4 Nf6 9. c4 c5 10. Qd3 Rd8 11. Nc3 Be7 12. b3 O-O 13. Bb2 Ne8 14. Nd5 f6
15. Rad1 Nc7 16. Rd2 Nxd5 17. Qxd5+ Kh8 18. e5 fxe5 19. Bxe5 Rf5 20. f4 Bf8 21.
Qe4 Re8 22. Qd3 Rd8 23. Rfd1 Qe6 24. g3 Rh5 25. Qd5 Qxd5 {(=)} 26. Rxd5 b6 27.
Bc3 Rxd5 28. Rxd5 Rd7 29. Kf2 h6 30. Kf3 Kh7 31. f5 Rf7 32. Kf4 g5+ 33. Kf3 h5
{(=)} 34. h3 Rd7 35. g4 h4 36. Rd3 Kg8 37. Ke4 Kf7 38. Kd5 Rc7 39. Re3 Rc8 40.
Re6 Be7 41. Rg6 Bf8 42. Rf6+ Ke8 43. Ke6 Bg7 44. Rg6 Bf8 45. Bf6 Rc7 46. Bxg5
Bg7 47. Bxh4 Rf7 48. Kxd6 Bf8+ 49. Kc6 Rh7 50. Re6+ Kf7 51. Bg3 Rxh3 52. Bb8
Rh4 53. Bxa7 Rxg4 54. Re2 Rf4 55. Bxb6 Rxf5 56. Re3 Rf6+ 57. Kb5 Bd6 58. a4 Kg6
59. a5 Rf8 60. Re6+ 1-0

[Event "Niedersachsen-ch B"]
[Site "Verden"]
[Date "2010.01.05"]
[Round "5.60"]
[White "Krumschmidt, Michael"]
[Black "Gawollek, Hans"]
[Result "1/2-1/2"]
[WhiteElo "1648"]
[BlackElo "1468"]
[PlyCount "98"]
[EventDate "2010.01.??"]
[EventType "swiss"]
[EventRounds "7"]
[EventCountry "GER"]
[SourceDate "2005.10.24"]

1. d4 d5 2. c4 dxc4 3. Nc3 Nf6 4. e4 e6 5. Bg5 Be7 6. Nf3 h6 7. Bh4 c6 8. Bxc4
Nbd7 9. Qc2 Nb6 10. Bb3 Nh7 11. Bg3 Ng5 12. O-O-O Nxf3 13. gxf3 Bd6 14. d5 Qg5+
15. Kb1 Bxg3 16. hxg3 exd5 17. exd5 Bf5 18. Rhe1+ Kf8 19. Ne4 Qg6 20. Qc5+ Kg8
21. d6 Nd7 22. Qc3 Re8 23. g4 Bxe4+ 24. fxe4 Qxg4 25. Bc2 Qf4 26. Rg1 Ne5 27.
d7 Rd8 28. Rg3 Qf6 29. Rdg1 Rh7 30. Rf3 Qe7 31. Rf5 f6 32. f4 Nxd7 33. e5 Kf8
34. exf6 Nxf6 35. Re5 Qd6 36. Bxh7 Nxh7 37. Qc2 Qd3 38. Rf5+ Kg8 39. Qxd3 Rxd3
40. Kc2 Rd7 41. Re5 Nf6 42. f5 Kf7 43. Rd1 Rc7 44. Kd2 Rd7+ 45. Ke2 Rxd1 46.
Kxd1 Nd5 47. Re6 Nf4 48. Re4 Nd5 49. Re6 Nf4 1/2-1/2

[Event "Niedersachsen-ch B"]
[Site "Verden"]
[Date "2010.01.05"]
[Round "5.61"]
[White "Brandt, Volker"]
[Black "Buetow, Ingo"]
[Result "0-1"]
[WhiteElo "1322"]
[BlackElo "1789"]
[PlyCount "82"]
[EventDate "2010.01.??"]
[EventType "swiss"]
[EventRounds "7"]
[EventCountry "GER"]
[SourceDate "2005.10.24"]

1. b3 Nf6 2. Bb2 e6 3. Nf3 c5 4. d3 d5 5. e3 Be7 6. h3 Nc6 7. a3 a6 8. g4 h6 9.
Nbd2 b6 10. Rg1 Bb7 11. Be2 Rg8 12. h4 Nd7 13. g5 hxg5 14. Nxg5 Bf6 15. Nxe6
fxe6 16. Bh5+ Ke7 17. Bxf6+ Nxf6 18. Bg6 Ne5 19. Bh5 Qf8 20. f4 Nf7 21. Bf3 Rd8
22. Qe2 Nh6 23. e4 Kd7 24. c4 dxe4 25. dxe4 Kc8 26. e5 Ne8 27. Bxb7+ Kxb7 28.
Qf3+ Ka7 29. O-O-O Nf5 30. Rg4 Nd4 31. Qg2 Qf5 32. Ne4 Nxb3+ 33. Kc2 Rxd1 34.
Kxd1 Rf8 35. a4 Rf7 36. Kc2 Na5 37. Kc3 Rd7 38. Nd6 Nxd6 39. exd6 Qf8 40. Qg1
Qxd6 41. Qe3 Qd1 0-1

[Event "Niedersachsen-ch B"]
[Site "Verden"]
[Date "2010.01.05"]
[Round "5.62"]
[White "Vonhoff, Nils"]
[Black "Oberbacher, Michael"]
[Result "1-0"]
[WhiteElo "1772"]
[BlackElo "1299"]
[PlyCount "111"]
[EventDate "2010.01.??"]
[EventType "swiss"]
[EventRounds "7"]
[EventCountry "GER"]
[SourceDate "2005.10.24"]

1. e4 e5 2. f4 d5 3. exd5 exf4 4. Nf3 Qxd5 5. Nc3 Qd6 6. Bc4 Nc6 7. d3 Be6 8.
Qe2 Be7 9. Nb5 Qb4+ 10. c3 Qa5 11. Bxf4 Rc8 12. Nxc7+ Rxc7 13. Bxc7 Qxc7 14.
Bxe6 fxe6 15. Qxe6 Nd8 16. Qe3 Nf6 17. Qxa7 O-O 18. Qf2 Bc5 19. d4 Re8+ 20. Kd1
Bb6 21. Re1 Rf8 22. h3 Nc6 23. Qe2 Na5 24. Kc2 Nd5 25. Ng5 Qd6 26. Ne4 Qg6 27.
g3 Bc7 28. b4 Nc6 29. Kb2 h6 30. h4 Kh8 31. h5 Qe8 32. Qg4 Qd8 33. Qg6 Nce7 34.
Qg4 Nf5 35. a3 Nfe3 36. Qe2 Qe7 37. Qd3 b5 38. Rxe3 Nxe3 39. Qxe3 Bxg3 40. Qxg3
Qxe4 41. Re1 Qf5 42. Re5 Qf1 43. Qe1 Rf2+ 44. Kc1 Qg2 45. Re8+ Kh7 46. Qe4+
Qxe4 47. Rxe4 Ra2 48. Re5 Rxa3 49. Kb2 Ra6 50. Rxb5 g5 51. hxg6+ Kxg6 52. Rd5
h5 53. b5 Rb6 54. c4 h4 55. Kc3 Kf6 56. Rh5 {
Da waren aber zwei Notationsprofis am Werk!} 1-0

[Event "Niedersachsen-ch B"]
[Site "Verden"]
[Date "2010.01.05"]
[Round "5.63"]
[White "Grigorian, Satenik"]
[Black "Kollars, Michael"]
[Result "0-1"]
[WhiteElo "1082"]
[BlackElo "1530"]
[PlyCount "72"]
[EventDate "2010.01.??"]
[EventType "swiss"]
[EventRounds "7"]
[EventCountry "GER"]
[SourceDate "2005.10.24"]

1. d4 Nf6 2. Nf3 d6 3. Bf4 g6 4. e3 Nh5 5. Bg3 Nxg3 6. hxg3 Bg7 7. Nbd2 Nc6 8.
c3 e5 9. Nc4 e4 10. Nh2 d5 11. Nd2 f5 12. f3 Ne7 13. Qb3 Qd6 14. Kf2 h5 15. c4
c6 16. cxd5 cxd5 17. Bb5+ Kf8 18. f4 {(=)} a6 19. Be2 b5 20. Rac1 Be6 21. Rc5
h4 22. g4 fxg4 23. Nxg4 Nf5 24. Ne5 Bxe5 25. fxe5 Qe7 26. Bg4 Ng3 27. Bxe6
Nxh1+ 28. Kg1 Qxe6 29. Kxh1 h3 30. g3 Rc8 31. Nxe4 Rxc5 32. Nxc5 Qf7 33. Qc2 h2
34. Qg2 {(=)} a5 35. e6 Qf5 36. g4 Qb1+ 0-1

[Event "Niedersachsen-ch B"]
[Site "Verden"]
[Date "2010.01.05"]
[Round "5.64"]
[White "Diederichs, Luise"]
[Black "Aden, Keno"]
[Result "1-0"]
[WhiteElo "1470"]
[BlackElo "899"]
[PlyCount "71"]
[EventDate "2010.01.??"]
[EventType "swiss"]
[EventRounds "7"]
[EventCountry "GER"]
[SourceDate "2005.10.24"]

1. d4 d5 2. c4 e6 3. e3 Nf6 4. Nf3 c6 5. Nc3 Nbd7 6. Bd2 Bd6 7. Bd3 O-O 8. Qc2
Qc7 9. h3 Nb6 10. c5 Bxc5 11. dxc5 Nbd7 12. g4 g6 13. O-O-O Nxc5 14. Rdg1 a6
15. h4 e5 16. e4 d4 17. Ne2 Bxg4 18. Ng5 Ncd7 19. f3 Be6 20. Nxe6 fxe6 21. h5
Kg7 22. hxg6 hxg6 23. Bh6+ Kf7 24. Bxf8 Rxf8 25. f4 Rg8 26. Bc4 exf4 27. Nxd4
Nf8 28. Qh2 Qd6 29. Bxe6+ Nxe6 30. Nxe6 Qxe6 31. Qxf4 Qc4+ 32. Kb1 Qxe4+ 33.
Qxe4 Nxe4 34. Rh7+ Kf8 35. Rxb7 g5 36. Rf1+ 1-0

[Event "Niedersachsen-ch B"]
[Site "Verden"]
[Date "2010.01.05"]
[Round "5.65"]
[White "Haniszewski, Patrick"]
[Black "Oelfke, Nils Lukas"]
[Result "1-0"]
[WhiteElo "1463"]
[BlackElo "1240"]
[PlyCount "86"]
[EventDate "2010.01.??"]
[EventType "swiss"]
[EventRounds "7"]
[EventCountry "GER"]
[SourceDate "2005.10.24"]

1. b3 e5 2. Bb2 Nc6 3. e3 d6 4. d3 Be6 5. c4 g6 6. Be2 Bg7 7. f4 f5 8. Nf3 Nge7
9. Nbd2 O-O 10. O-O exf4 11. Bxg7 Kxg7 12. Ng5 Bf7 13. exf4 h6 14. Ngf3 Kh7 15.
d4 d5 16. c5 b6 17. a3 bxc5 18. dxc5 d4 19. Bd3 Nd5 20. Qb1 Ne3 21. Re1 Bd5 22.
b4 Bxf3 23. Nxf3 Qf6 24. Bb5 Ne7 25. Qd3 c6 26. Ba4 Rfd8 27. Rac1 Rab8 28. b5
cxb5 29. Bxb5 N7d5 30. g3 Nc7 31. a4 g5 32. fxg5 hxg5 33. Nxd4 Nxb5 34. axb5
Rxd4 35. Qxe3 Re4 36. Qd3 Rbe8 37. Rxe4 fxe4 38. Qd7+ Re7 39. Qd6 Re6 40. Qd2
Qf3 41. Rf1 Qd3 42. Qxg5 e3 43. Rf7+ Kh8 1-0

[Event "Niedersachsen-ch B"]
[Site "Verden"]
[Date "2010.01.05"]
[Round "5.66"]
[White "Mai, Robin"]
[Black "Bonacic, Jascha"]
[Result "0-1"]
[WhiteElo "1152"]
[BlackElo "1764"]
[PlyCount "52"]
[EventDate "2010.01.??"]
[EventType "swiss"]
[EventRounds "7"]
[EventCountry "GER"]
[SourceDate "2005.10.24"]

1. d4 g6 2. c4 Bg7 3. Nf3 c5 4. Nc3 cxd4 5. Nxd4 Nc6 6. e3 Nf6 7. Nxc6 bxc6 8.
Be2 O-O 9. O-O c5 10. Bf3 Rb8 11. Qa4 Qb6 12. Rb1 d6 13. Qb5 Bd7 14. Qxb6 Rxb6
15. Rd1 Rfb8 16. b3 Kf8 17. Nd5 Nxd5 18. Rxd5 Be6 19. Rd2 Bxc4 20. Bb2 Bxb2 21.
Rdxb2 Be6 22. Rc1 a5 23. Rd2 Rb4 24. Bc6 c4 25. bxc4 Rxc4 26. Rxc4 Rb1+ 0-1

[Event "Niedersachsen-ch B"]
[Site "Verden"]
[Date "2010.01.05"]
[Round "5.67"]
[White "Rau, Nikita"]
[Black "Reinkemeier, Fabian"]
[Result "0-1"]
[WhiteElo "1238"]
[BlackElo "1656"]
[PlyCount "52"]
[EventDate "2010.01.??"]
[EventType "swiss"]
[EventRounds "7"]
[EventCountry "GER"]
[SourceDate "2005.10.24"]

1. d4 g6 2. c4 Bg7 3. Nc3 d6 4. e4 c6 5. Nf3 Bg4 6. Be2 Nd7 7. O-O Qc7 8. Be3
e5 9. d5 c5 10. h3 Bxf3 11. Bxf3 Ne7 12. Qc2 h5 13. a3 f5 14. Bg5 Bf6 15. Qd2
f4 16. Bxf6 Nxf6 17. g3 g5 18. gxf4 exf4 19. Rfe1 Ng6 20. Qe2 g4 21. hxg4 hxg4
22. Bxg4 Qh7 23. Bf3 Ne5 24. Bg2 f3 25. Bxf3 Qh2+ 26. Kf1 Rg8 0-1